Teoretické aspekty medzinárodnej migrácie diplomová práca

Enregistré dans:
Détails bibliographiques
Auteur principal: Salanciová, Miroslava
Collectivité auteur: Fakulta medzinárodných vzťahov EU. Katedra medzinárodných politických vzťahov
Autres auteurs: Liďák, Ján
Format: Livre
Langue:slovaque
Publié: Bratislava 2011
Tags: Ajouter un tag
Pas de tags, Soyez le premier à ajouter un tag!

MARC

LEADER 00000nbm a2200000 4500
001 0131007
005 20170315090419.0
041 0 |a slo 
044 |a SK 
245 1 0 |a Teoretické aspekty medzinárodnej migrácie  |b diplomová práca  |c Miroslava Salanciová ; školiteľ: Ján Liďák 
264 1 |a Bratislava  |c 2011 
300 |a 80 s. 
100 1 |a Salanciová, Miroslava 
700 1 |a Liďák, Ján 
710 2 |a Fakulta medzinárodných vzťahov EU. Katedra medzinárodných politických vzťahov